000 00482nam a2200169Ia 4500
003 OSt
005 20250221163750.0
008 210707s9999 xx 000 0 und d
040 _cAL
041 _aeng
082 _aCD
100 _aMAZIDI (Muhammad Ali);MAZIDI (J G)
_9201840
245 _aEight zero five one microcontroller and embedded systems
650 _aMicroprocessors
_9201841
906 _aand Eight embedded five microcontroller one systems zero
942 _2ddc
_cBK
999 _c177138
_d177138